000 00589nam a2200169Ia 4500
999 _c21616
_d21616
008 160316s2004 xxu||||| |||| 00| 0 eng d
082 _a338.900000
_bKAP
100 _aKapila Raj
245 _aEconomic developments in India
260 _aNew Delhi
_bAcademic Foundation
_c2004
300 _a319p
365 _bRs.495
650 _a1.Economics - Development - India 2.Development - Economy - India
700 _aKapila Uma
_a
856 _uhttps://www.google.co.in/books/edition/Economic_Developments_In_India_Monthly_U/PmoGyeb0NRIC?hl=en&gbpv=1&printsec=frontcover
942 _2ddc
_cBK